000 00302nam a22001337a 4500
008 170204b xxu||||| |||| 00| 0 eng d
020 _a9780815194781
041 _aeng
080 _22ND
_a61
100 _a3
101 _aSHM
245 _aPRIMER OF DIAGNOSTIC IMAGING
_cWEISSLEDER, R
942 _2udc
_cBK
999 _c4561
_d4561